书目信息 |
| 题名: |
搏击
|
|
| 作者: | 米切尔 著 ;钟秉枢 , 于立览 译 | |
| 分册: | ||
| 出版信息: | 北京 人民体育出版社 2000 |
|
| 页数: | 59页 | |
| 开本: | 29cm | |
| 丛书名: | 明星技术 | |
| 单 册: | ||
| 中图分类: | G886.19 | |
| 科图分类: | ||
| 主题词: | 技击(体育)--世界 | |
| 电子资源: | ||
| ISBN: | 7-5009-1996-4 | |
| 000 | 00714nam2 2200241 45 | |
| 001 | 0405191780 | |
| 005 | 20040519173104.1 | |
| 010 | @a7-5009-1996-4@b精装@dCNY25.00 | |
| 100 | @a20040519d2000 km y0chiy0120 ea | |
| 101 | 0 | @achi@ceng |
| 105 | @af z 000yy | |
| 200 | 1 | @a搏击@ABo Ji@f(英)戴维·米切尔著@F(Ying)Dai Wei·Mi Qie Er Zhu@g钟秉枢,于立览译 |
| 210 | @a北京@c人民体育出版社@d2000 | |
| 215 | @a59页@c图@d29cm | |
| 225 | @a明星技术 | |
| 410 | @12001 @a明星技术 | |
| 606 | 0 | @a技击(体育)@y世界 |
| 690 | @aG886.19@v4 | |
| 701 | 0 | @a米切尔@4著 |
| 702 | 0 | @a钟秉枢@AZhong Bing Shu@4译 |
| 702 | 0 | @a于立览@AYu Li Lan@4译 |
| 801 | @aCN@bPftUser@c20040519 | |
| 905 | @b333267-269@dG886.19@e29@f3 | |
| 搏击/(英)戴维·米切尔著/钟秉枢,于立览译.-北京:人民体育出版社,2000 |
| 59页:图;29cm.-(明星技术) |
| ISBN 7-5009-1996-4(精装):CNY25.00 |
| ● |
| 相关链接 |
|
|
|
|
正题名:搏击
索取号:G886.19/29
 
预约/预借
| 序号 | 登录号 | 条形码 | 馆藏地/架位号 | 状态 | 备注 |
| 1 | 0333267 | 203332679 | 第四借阅区/ [索取号:G886.19/29] | 在馆 | |
| 2 | 0333268 | 203332688 | 第四借阅区/ [索取号:G886.19/29] | 在馆 | |
| 3 | 0333269 | 203332697 | 第四借阅区/ [索取号:G886.19/29] | 在馆 |